000 00468cam a22001932a 4500
001 011780
003 AR-FADEU
008 311216n1948####xxu####################dd
092 _a920.71
_bC972
100 _aCúneo, Dardo
245 _aSarmiento y Unamuno
260 _aBuenos Aires
260 _bPoseidón
260 _c1948
300 _a160 p
440 _aEnsayos
650 _aSARMIENTO, DOMINGO FAUSTINO; UNAMUNO, MIGUEL DE; BIOGRAFIAS
942 _cBDGR
999 _c17553
_d17553